[Event "36th Balaton IM 2018"]
[Site "Balatonlelle"]
[Date "2018.06.19"]
[Round "8"]
[White "Moksh Amit Doshi"]
[Black "Vegh, Endre"]
[Result "1-0"]
[WhiteElo "2203"]
[BlackElo "2260"]
[Annotator "NA"]
[PlyCount "53"]
[EventDate "2018.06.12"]
[EventType "swiss"]
[EventCountry "HUN"]
[SourceTitle "playchess.com"]
[Source "ChessBase"]
[SourceQuality "1"]
[TimeControl "40/5400+30:1800+30"]

1. e4 {[%emt 0:00:12]} d6 {[%emt 0:03:24]} 2. d4 {[%emt 0:00:07]} Nf6 {[%emt 0:00:23]} 3. Nc3 {[%emt 0:00:08]} g6 {[%emt 0:01:00]} 4. Bg5 {[%emt 0:00:19]} Bg7 {[%emt 0:00:53]} 5. Qd2 {[%emt 0:00:08]} c6 {[%emt 0:03:05]} 6. Bh6 {[%emt 0:01:00]} Bxh6 {[%emt 0:01:27]} 7. Qxh6 {[%emt 0:00:09]} Qa5 {[%emt 0:03:38]} 8. Bd3 {[%emt 0:00:13]} Qb4 {[%emt 0:02:01]} 9. Nge2 {[%emt 0:10:32]} Qxb2 {[%emt 0:00:58]} 10. O-O {[%emt 0:01:00]} Nbd7 {[%emt 0:04:04]} 11. Rab1 {[%emt 0:06:38]} Qa3 {[%emt 0:00:15]} 12. f4 {[%emt 0:00:12]} e5 $16 {[%emt 0:08:47]} 13. fxe5 {[%emt 0:25:06]} dxe5 {[%emt 0:00:13]} 14. Rxf6 {[%emt 0:00:57]} exd4 {[%emt 0:04:46]} 15. Nb5 {[%emt 0:08:34]} cxb5 {[%emt 0:03:22]} 16. Rf3 {[%emt 0:13:30]} Qxa2 {[%emt 0:10:46]} 17. Rbf1 {[%emt 0:03:32]} Ne5 {[%emt 0:05:24]} 18. Bxb5+ {[%emt 0:04:33]} Bd7 {[%emt 0:01:29]} 19. Bxd7+ {[%emt 0:01:54]} Kxd7 {[%emt 0:01:09]} 20. Rb3 {[%emt 0:00:06]} Qa6 {[%emt 0:07:04]} 21. Nxd4 {[%emt 0:00:57]} Rae8 {[%emt 0:02:02]} 22. Rc3 {[%emt 0:08:04]} Qb6 {[%emt 0:14:25]} 23. Rd1 {[%emt 0:01:51]} Nc6 {[%emt 0:00:56]} 24. Rb3 {[%emt 0:00:33]} Qc5 {[%emt 0:01:24]} 25. Rb5 {[%emt 0:03:32]} Qc4 {[%emt 0:02:22]} 26. Nf5+ {[%emt 0:00:11]} Kc7 {[%emt 0:05:48]} 27. Qf4+ {[%emt 0:00:25]} 1-0

[Event "36th Balaton IM 2018"]
[Site "Balatonlelle"]
[Date "2018.06.20"]
[Round "9"]
[White "Saber, Yasser"]
[Black "Klaric, Zlatko"]
[Result "1-0"]
[WhiteElo "2266"]
[BlackElo "2397"]
[Annotator "NA RC"]
[PlyCount "71"]
[EventDate "2018.06.12"]
[EventType "swiss"]
[EventCountry "HUN"]
[SourceTitle "playchess.com"]
[Source "ChessBase"]
[SourceQuality "1"]
[TimeControl "40/5400+30:1800+30"]

{[%evp 14,69,0,-12,35,0,52,40,35,25,20,32767,32767,0,4,20,19,8,29,32767,62,41,241,233,279,345,298,321,322,32767,32767,400,401,414,409,438,423,0,412,431,445,32767,384,456,468,541,32767,643,32767,32767,1523,32767,1581,12809,29962,6299,2162,29961]} 1. d4 {[%emt 0:00:06]} c6 {[%emt 0:10:26]} 2. c4 {[%emt 0:00:14]} f5 {[%emt 0:00:03]} 3. g3 Nf6 {[%emt 0:01:02]} 4. Bg2 {[%emt 0:01:12]} d5 {[%emt 0:00:05]} 5. Nh3 {[%emt 0:01:48]} dxc4 {[%emt 0:01:07]} 6. O-O {[%emt 0:00:28]} Be6 {[%emt 0:00:13]} 7. Nf4 {[%emt 0:09:05]} Bf7 {[%emt 0:00:22]} 8. Qc2 $1 {[%emt 0:06:50]} g6 {[%emt 0:06:40]} 9. Rd1 {[%emt 0:00:58]} Nbd7 {[%emt 0:00:31]} 10. Nd2 {[%emt 0:06:09]} Nb6 {[%emt 0:01:14]} 11. Nf3 {[%emt 0:00:29]} Bg7 {[%emt 0:04:37]} (11... Bd5 $5) 12. Ne5 Nfd5 {[%emt 0:02:52]} 13. e4 {[%emt 0:28:40]} Nxf4 {[%emt 0:03:40]} 14. Nxf7 {[%emt 0:04:02]} ({Viel schlechter ist} 14. gxf4 fxe4 15. Nxf7 Kxf7 $17) 14... Kxf7 {[%emt 0:00:51]} 15. Bxf4 {[%emt 0:00:18]} e6 {[%emt 0:02:58]} 16. a4 {[%emt 0:03:18]} a5 {[%emt 0:00:39]} 17. b3 {[%emt 0:01:31]} Bxd4 $2 {[%emt 0:09:09]} (17... c3 $1 $14) 18. bxc4 {[%emt 0:03:47]} Bxa1 {[%emt 0:18:45]} 19. Rxd8 {[%emt 0:00:15]} Rhxd8 {[%emt 0:00:07]} 20. Bc7 {[%emt 0:00:56]} Bd4 {[%emt 0:00:11]} 21. Qb3 {[%emt 0:05:44]} Rd7 {[%emt 0:12:24]} 22. Bxb6 {[%emt 0:00:12]} Bxb6 {[%emt 0:03:21]} 23. Qxb6 $2 {[%emt 0:00:07]} Ra6 $1 {[%emt 0:01:51]} 24. Qb2 {[%emt 0:05:26]} Ra8 {[%emt 0:00:32]} 25. Qb6 {[%emt 0:01:25]} ({Günstiger ist} 25. Bf3 $18) 25... Ra6 {[%emt 0:00:30]} 26. Qe3 {[%emt 0:00:21]} Ra8 {[%emt 0:00:30]} 27. e5 {[%emt 0:00:56]} Rad8 {[%emt 0:02:31]} 28. c5 {[%emt 0:04:04]} Rd1+ {[%emt 0:00:51]} 29. Bf1 {[%emt 0:00:02]} Ra1 {[%emt 0:01:28]} 30. Kg2 {[%emt 0:00:18]} Rd7 {[%emt 0:11:31]} 31. Bc4 {[%emt 0:02:01]} Re7 {[%emt 0:01:01]} 32. Qg5 {[%emt 0:00:32]} Ke8 {[%emt 0:00:14]} 33. Qf6 {[%emt 0:01:18]} Kd7 {[%emt 0:00:18] [#]} 34. Bxe6+ $18 {[%emt 0:00:07]} Rxe6 {[%emt 0:00:58]} 35. Qf7+ {[%emt 0:00:03]} Re7 {[%emt 0:00:28]} 36. e6+ {[%emt 0:00:03]} 1-0

[Event "36th Balaton IM 2018"]
[Site "Balatonlelle"]
[Date "2018.06.20"]
[Round "9"]
[White "Vegh, Endre"]
[Black "McPhillips, Joseph"]
[Result "1-0"]
[WhiteElo "2260"]
[BlackElo "2399"]
[Annotator "NA"]
[PlyCount "229"]
[EventDate "2018.06.12"]
[EventType "swiss"]
[EventCountry "HUN"]
[SourceTitle "playchess.com"]
[Source "ChessBase"]
[SourceQuality "1"]
[TimeControl "40/5400+30:1800+30"]

{[%evp 8,215,-5,0,32767,32767,32767,7,18,32767,32767,32767,32767,32767,32767,32767,32767,32767,32767,32767,32767,14,20,2,23,1,23,5,32,0,12,0,0,-46,-33,-38,-33,-31,-29,32767,32767,-77,-77,-95,-83,-76,-47,-41,-17,-35,-47,-53,-14,-77,-45,-54,32767,-103,-93,32767,-18,-99,32767,32767,32767,32767,32767,32767,32767,32767,32767,-15,-14,32767,32767,32767,32767,0,32767,-10,0,32767,32767,32767,0,0,0,32767,32767,32767,32767,0,0,0,0,0,0,0,0,0,0,32767,0,0,0,0,0,0,32767,0,8,0,0,0,0,0,32767,32767,32767,32767,32767,0,17,0,32767,32767,43,32767,49,48,118,43,48,41,81,0,27,23,30,0,68,64,122,129,144,32767,32767,131,32767,32767,32767,32767,32767,32767,32767,32767,32767,32767,32767,32767,32767,32767,32767,237,234,273,268,281,258,247,735,1064,32767,671,32767,32767,32767,32767,32767,32767,32767,32767,32767,32767,32767,32767,32767,32767,32767,32767,32767,830,670,921,1069,4759,849,5583,32767,32767,32767,32767,32767,29970,29956,29974,29966,12846,29976,29978]} 1. d4 {[%emt 0:00:02]} Nf6 {[%emt 0:02:52]} 2. c4 {[%emt 0:00:21]} e6 {[%emt 0:00:15]} 3. Nc3 {[%emt 0:00:25]} Bb4 {[%emt 0:00:12]} 4. Qc2 {[%emt 0:00:23]} O-O {[%emt 0:00:32]} 5. Nf3 {[%emt 0:00:56]} c5 {[%emt 0:00:27]} 6. dxc5 {[%emt 0:00:20]} Na6 {[%emt 0:00:08]} 7. g3 {[%emt 0:00:22]} Nxc5 {[%emt 0:00:08]} 8. Bg2 {[%emt 0:00:06]} Nce4 {[%emt 0:00:40]} 9. O-O {[%emt 0:00:07]} Nxc3 {[%emt 0:01:01]} 10. bxc3 {[%emt 0:00:04]} Be7 {[%emt 0:00:08]} 11. e4 {[%emt 0:00:54]} d6 {[%emt 0:00:53]} 12. e5 {[%emt 0:01:02] E39: Nimzo-Indian: Classical: 4...c5 5 dxc5 0-0} dxe5 {[%emt 0:00:31]} 13. Nxe5 {[%emt 0:00:01]} Ne8 {[%emt 0:04:05]} (13... Qc7 14. Qe2 Nd7 15. Bf4 Nxe5 16. Bxe5 Bd6 17. Rfe1 Rb8 18. Rad1 Bxe5 19. Qxe5 Qxe5 20. Rxe5 b6 21. c5 Ba6 22. c6 {½-½ (43) Nakamura,H (2781)-Caruana,F (2799) London 2017}) 14. Qe2 {[%emt 0:13:54]} Qc7 {[%emt 0:03:24]} 15. a4 {[%emt 0:02:56] LiveBook: 3 Games [#]} Rb8 $146 {[%emt 0:12:08]} ({Predecessor:} 15... Nd6 16. Ba3 f6 17. c5 Nf5 18. Nd3 Rb8 19. Nf4 e5 20. Nd5 Qd8 21. g4 Nh4 22. c6 {0-1 (43) Holm,K (2436)-Tran,T (2548) chess.com INT 2018}) 16. a5 {[%emt 0:05:43]} Bd6 {[%emt 0:10:03]} 17. Re1 {[%emt 0:01:19]} f6 {[%emt 0:02:38]} 18. Ng4 {[%emt 0:10:10]} Bd7 {[%emt 0:01:43]} 19. Rd1 {[%emt 0:04:44]} Rc8 {[%emt 0:09:10]} 20. Ba3 {[%emt 0:08:43]} Bxa3 {[%emt 0:07:02]} 21. Rxa3 {[%emt 0:00:10]} Rf7 {[%emt 0:00:10]} 22. Ne3 {[%emt 0:02:48]} Bc6 {[%emt 0:03:37]} 23. Bxc6 {[%emt 0:03:24]} Qxc6 {[%emt 0:00:02]} 24. Qg4 {[%emt 0:09:31] [#]} f5 $1 {[%emt 0:05:46]} 25. Qf4 {[%emt 0:02:06]} Qc5 {[%emt 0:01:50]} 26. Ra2 {[%emt 0:03:22]} h6 {[%emt 0:06:21]} 27. Qd4 {[%emt 0:03:52]} Nf6 {[%emt 0:07:28]} 28. Qxc5 {[%emt 0:05:56]} Rxc5 {[%emt 0:00:03]} 29. Rd8+ {[%emt 0:01:03]} Rf8 {[%emt 0:04:17]} 30. Rd6 {[%emt 0:03:18]} (30. Rxf8+ $11 {keeps the balance.} Kxf8 31. Rb2) 30... Re8 {[%emt 0:00:18]} 31. a6 {[%emt 0:02:32]} b6 {[%emt 0:00:37]} 32. f3 {[%emt 0:03:47]} Kf7 {[%emt 0:00:50]} 33. Re2 {[%emt 0:06:13]} g6 {[%emt 0:04:52]} (33... Re7 $17) 34. Rdd2 {[%emt 0:00:48]} (34. Nc2 $11) 34... Ra5 {[%emt 0:02:52]} 35. Ra2 {[%emt 0:00:14]} Rxa2 {[%emt 0:00:45]} 36. Rxa2 {[%emt 0:00:03]} Nd7 {[%emt 0:00:54]} 37. Nc2 {[%emt 0:01:36]} e5 {[%emt 0:07:46]} 38. Na3 {[%emt 0:00:12]} Nc5 {[%emt 0:00:15]} 39. Nb5 {[%emt 0:00:25]} Re7 {[%emt 0:00:03]} 40. Nd6+ {[%emt 0:00:00]} Kf6 {[%emt 0:02:05]} 41. Nc8 {[%emt 0:01:53]} Re8 {[%emt 0:00:14]} 42. Nxa7 {[%emt 0:01:38]} Ra8 {[%emt 0:00:17]} 43. Nb5 {[%emt 0:02:16]} Nxa6 {[%emt 0:01:08]} 44. Rd2 {[%emt 0:03:28]} Re8 {[%emt 0:00:18]} 45. Ra2 {[%emt 0:00:55]} Ra8 {[%emt 0:00:27]} 46. Rd2 {[%emt 0:00:10]} Re8 {[%emt 0:00:02]} 47. Ra2 {[%emt 0:00:07]} Nc5 {[%emt 0:00:12]} 48. Nc7 {[%emt 0:00:30]} Rb8 {[%emt 0:00:39]} 49. Nd5+ {[%emt 0:04:12]} Ke6 {[%emt 0:00:09]} 50. Rb2 {[%emt 0:00:42]} Nd7 {[%emt 0:00:54]} 51. Rb5 {[%emt 0:01:04]} Kd6 {[%emt 0:00:53]} 52. Kf2 {[%emt 0:00:58]} Ke6 {[%emt 0:04:17]} 53. Ke3 {[%emt 0:00:54]} g5 {[%emt 0:00:42]} 54. Nc7+ {[%emt 0:01:42]} Kf7 {[%emt 0:00:22]} 55. Nd5 {[%emt 0:00:51]} h5 {[%emt 0:00:35]} 56. Rb2 {[%emt 0:01:52]} Ke6 {[%emt 0:00:15]} 57. Rb5 {[%emt 0:03:29]} Kf7 {[%emt 0:01:32]} 58. Rb2 {[%emt 0:00:46]} Ke8 {[%emt 0:00:28]} 59. Nc7+ {[%emt 0:00:36]} Ke7 {[%emt 0:00:48]} 60. Nd5+ {[%emt 0:00:13]} Kd6 {[%emt 0:00:41]} 61. Rb5 {[%emt 0:00:42]} Ke6 {[%emt 0:02:10]} 62. Nc7+ {[%emt 0:00:31]} Kf6 {[%emt 0:00:29]} 63. Nd5+ {[%emt 0:00:16]} Kg7 {[%emt 0:00:34]} 64. Rb2 {[%emt 0:00:51]} g4 {[%emt 0:01:29]} 65. fxg4 {[%emt 0:01:16]} hxg4 {[%emt 0:00:14]} 66. Rf2 {[%emt 0:00:40]} Rf8 {[%emt 0:00:20]} 67. Ne7 {[%emt 0:00:43]} Kf6 {[%emt 0:17:01]} 68. Nxf5 {[%emt 0:00:41]} Ra8 {[%emt 0:00:01]} (68... Kg5 $14 69. Ne7 Rxf2 70. Kxf2 Kf6 71. Nd5+ Ke6) 69. Nd6+ {[%emt 0:00:55]} (69. Nh6+ $16 Ke6 70. Nxg4) 69... Ke6 {[%emt 0:00:08]} 70. Ne4 {[%emt 0:01:00]} Ra1 {[%emt 0:00:05]} 71. Kd3 {[%emt 0:05:16]} (71. Ng5+ $16 Kd6 72. Ke4) 71... Re1 $11 {[%emt 0:00:17]} 72. Ng5+ {[%emt 0:01:50]} Kd6 {[%emt 0:00:02]} 73. Ne4+ {[%emt 0:00:23]} Kc6 {[%emt 0:00:01]} 74. Rf7 {[%emt 0:00:42]} Rd1+ {[%emt 0:00:41]} (74... Nc5+ $14 75. Nxc5 Kxc5) 75. Ke2 {[%emt 0:00:31]} Ra1 {[%emt 0:01:42]} 76. Rh7 {[%emt 0:00:21]} Ra4 {[%emt 0:00:52]} 77. Rh6+ {[%emt 0:00:23]} Kc7 {[%emt 0:00:32]} 78. Kd3 {[%emt 0:00:25]} Ra2 {[%emt 0:00:50]} 79. Rg6 {[%emt 0:01:13]} Rxh2 {[%emt 0:01:33]} 80. Rxg4 {[%emt 0:00:04]} Rh1 {[%emt 0:00:10]} 81. Rg7 {[%emt 0:01:00]} Kc6 {[%emt 0:00:12]} 82. g4 {[%emt 0:00:47]} Rh3+ {[%emt 0:00:10]} 83. Ke2 {[%emt 0:01:04]} Nf8 {[%emt 0:00:27]} 84. Re7 {[%emt 0:00:55]} Nd7 {[%emt 0:00:46]} 85. Re6+ {[%emt 0:00:39]} Kc7 {[%emt 0:00:07]} 86. g5 {[%emt 0:00:44]} Rh4 {[%emt 0:00:12]} 87. Kf3 {[%emt 0:00:54]} Rf4+ {[%emt 0:00:47]} 88. Ke3 {[%emt 0:00:06]} Rg4 $2 {[%emt 0:00:03]} (88... Nf8 89. Re7+ Kd8 90. Rxe5 Rf1) 89. Re7 {[%emt 0:00:33]} Rg1 {[%emt 0:00:36]} 90. Nf6 {[%emt 0:00:27]} Rxg5 {[%emt 0:00:56]} 91. Rxd7+ {[%emt 0:00:32]} Kc6 {[%emt 0:00:20]} 92. Rd5 {[%emt 0:00:49]} Rg3+ {[%emt 0:03:52]} 93. Kd2 {[%emt 0:00:20]} Rg2+ {[%emt 0:00:04]} 94. Kd3 {[%emt 0:00:22]} Rg3+ {[%emt 0:00:15]} 95. Kc2 {[%emt 0:00:14]} Re3 {[%emt 0:00:27]} 96. Ng4 {[%emt 0:00:24]} Re2+ {[%emt 0:00:01]} 97. Kd3 {[%emt 0:00:11]} Rg2 {[%emt 0:00:01]} 98. Nxe5+ {[%emt 0:00:16]} Kb7 {[%emt 0:00:01]} 99. Rb5 {[%emt 0:00:59]} Kc7 {[%emt 0:00:04]} 100. Kd4 {[%emt 0:01:02]} Rd2+ {[%emt 0:00:01]} 101. Nd3 {[%emt 0:00:42]} Rh2 {[%emt 0:00:01]} 102. Nb4 {[%emt 0:00:16]} Rh4+ {[%emt 0:00:01]} 103. Kd3 {[%emt 0:00:11]} Rh3+ {[%emt 0:00:01]} 104. Kc2 {[%emt 0:00:10]} Rh4 {[%emt 0:00:01]} 105. Kb3 {[%emt 0:00:25]} Rh3 {[%emt 0:00:00]} 106. Nd5+ {[%emt 0:00:15]} Kc6 {[%emt 0:00:01]} 107. Rxb6+ {[%emt 0:00:15]} Kc5 {[%emt 0:00:00]} 108. Rb5+ {[%emt 0:00:12]} Kc6 {[%emt 0:00:01]} 109. Nb4+ {[%emt 0:00:11]} Kd6 {[%emt 0:00:00]} 110. Rg5 {[%emt 0:00:27]} Kc7 {[%emt 0:00:01]} 111. c5 Kd7 112. Rg6 {[%emt 0:00:25]} Rf3 {[%emt 0:00:01]} 113. c6+ {[%emt 0:00:12]} Kc7 {[%emt 0:00:01]} 114. Nd5+ Kd8 {[%emt 0:01:12]} 115. Rg8+ {[%emt 0:00:13] Ke7} 1-0

[Event "36th Balaton IM 2018"]
[Site "Balatonlelle"]
[Date "2018.06.20"]
[Round "9"]
[White "Gorti, Akshita"]
[Black "Naumkin, Igor"]
[Result "0-1"]
[WhiteElo "2258"]
[BlackElo "2383"]
[Annotator "TA"]
[PlyCount "137"]
[EventDate "2018.06.12"]
[EventType "swiss"]
[EventCountry "HUN"]
[SourceTitle "playchess.com"]
[Source "ChessBase"]
[SourceQuality "1"]

{[%evp 21,137,0,13,0,21,18,15,21,22,14,25,24,27,16,21,18,24,11,33,-15,-11,-19,-14,-15,0,0,0,-4,22,-10,0,-16,-14,-14,-14,-20,-10,-11,-7,-20,-17,-14,0,0,0,-20,0,0,0,0,0,0,0,0,0,-36,0,-11,0,-27,0,0,0,0,0,0,0,0,0,0,0,0,0,0,0,0,0,0,0,0,0,0,8,0,0,0,0,-331,-331,-331,-331,-331,-331,-331,-331,-331,-331,-331,-331,-331,-331,-331,-331,-331,-324,-324,-324,-324,-298,-2216,-977,-8116,-6414,-6219,-6518,-29978,-29979,-29978]} 1. Nf3 Nf6 2. e3 e6 3. d4 b6 4. Bd3 Bb7 5. O-O Be7 6. c4 O-O 7. Nc3 d5 8. b3 Nbd7 9. Bb2 a6 {E14: Queen's Indian: Classical Variation (4 e3)} (9... c5 10. cxd5 exd5 11. Qe2 a6 12. Rfd1 Re8 13. Rac1 Bf8 14. h3 Qe7 15. Bf5 Rad8 16. Bxd7 Nxd7 17. dxc5 Nxc5 18. Nd4 Qg5 {½-½ (66) Bacrot,E (2718)-Lenic,L (2662) chess.com INT 2018}) 10. Rc1 Bd6 11. Qe2 Ne4 {LiveBook: 3 Games. The position is equal.} 12. Na4 f5 13. cxd5 $146 ({Predecessor:} 13. Ne5 Bxe5 14. dxe5 Ng5 15. c5 Nxc5 16. Nxc5 bxc5 17. Rxc5 Ne4 18. Rc2 Qe7 {1-0 (41) Panno,O-Humerez Estrada,C Mar del Plata/ Buenos Aires 1954}) 13... exd5 14. Ne5 Qe7 {[%cal Rd7e5]} 15. f3 Ng5 16. f4 Ne4 17. Qh5 Rae8 18. Rc2 Ndf6 19. Qh4 b5 20. Nc5 (20. Bxe4 $5 Nxe4 21. Qxe7 Rxe7 22. Nc3 $11) 20... Nxc5 21. dxc5 Bxc5 22. Bd4 Bxd4 23. exd4 g6 24. Rfc1 Rc8 25. Rc5 {Threatening g4.} Qd6 26. Qe1 Nh5 {[%cal Bf6h5,Bh5g7,Bg7e6][%mdl 32]} 27. g3 Ng7 28. Qf2 Ne6 29. R5c2 c6 30. Bf1 Rc7 31. Nd3 g5 32. Bg2 Rg7 33. Rf1 h6 34. Re2 a5 35. Rfe1 Bc8 36. Re5 Bd7 37. Qe3 {[%cal Re5e6]} Rf6 38. Rf1 b4 39. Kh1 Nf8 40. Nc5 Ng6 41. fxg5 hxg5 42. Nxd7 Qxd7 43. Qxg5 Rff7 44. Re2 f4 $1 45. Ref2 Nh8 46. Qe5 fxg3 47. hxg3 {[#] And now Qb8+ would win.} Rxf2 48. Rxf2 Nf7 49. Qb8+ Qd8 50. Qxd8+ Nxd8 $11 {[%mdl 4096] Endgame KRB-KRN} 51. Rf6 $1 {[%cal Rf6d6] aiming for Rd6.} Rd7 ({Much weaker is} 51... Rxg3 $6 52. Rd6 $16) 52. g4 Kg7 53. g5 Rc7 54. Bf1 $2 {[%mdl 8192] [#]} (54. Bh3 $1 $11 {and White is okay.}) 54... Rf7 $19 55. Kg2 Rxf6 56. gxf6+ Kxf6 {KB-KN} 57. Kf3 Ke6 58. Ke3 Kd6 59. Bd3 Ne6 60. Bf5 Nc7 61. Bd3 c5 62. Be2 cxd4+ 63. Kxd4 Ne6+ 64. Ke3 Ke5 65. Bf1 $2 (65. Bd3) 65... Nc5 (65... Ng5 $142 66. Bg2 Ne4) 66. Kd2 Kd4 67. Bg2 Ne4+ 68. Kc2 Ke3 69. Bf1 {Precision: White = 45%, Black = 64%.} 0-1

[Event "36th Balaton IM 2018"]
[Site "Balatonlelle"]
[Date "2018.06.20"]
[Round "9"]
[White "Gungl, Theo"]
[Black "Moksh Amit Doshi"]
[Result "0-1"]
[WhiteElo "2237"]
[BlackElo "2203"]
[Annotator "TA"]
[PlyCount "76"]
[EventDate "2018.06.12"]
[EventType "swiss"]
[EventCountry "HUN"]
[SourceTitle "playchess.com"]
[Source "ChessBase"]
[SourceQuality "1"]

{[%evp 21,76,-45,-38,-71,-56,-60,-66,-55,-54,-76,-50,-49,-26,-28,19,15,21,17,75,0,0,-43,-48,-147,-143,-116,-120,-120,-156,-175,-153,-166,-152,-127,-127,-137,-108,-227,-228,-231,-229,-228,-227,-216,-206,-268,-235,-437,-443,-606,-583,-12839,-12839,-12840,-12840,-12835,-6640]} 1. e4 c5 2. Nf3 d6 3. d4 cxd4 4. Nxd4 Nf6 5. Nc3 a6 6. Bg5 e6 7. f4 Nbd7 8. Qf3 Qc7 9. O-O-O b5 {[%cal Bb7b5,Bb5b4][%mdl 32]} 10. Bd3 Bb7 11. g4 Be7 {LiveBook: 3 Games} 12. Bh4 {Threatening g5. B99: Sicilian Najdorf: 6 Bg5 e6 7 f4 Be7 8 Qf3 Qc7 9 0-0-0 Nbd7} (12. Bxf6 gxf6 13. Rhe1 Nc5 14. a3 Qb6 15. b4 Na4 16. Nxa4 bxa4 17. Qe3 Qc7 18. c4 a5 19. Nb5 Qc6 {½-½ (34) Sidorenko,I (2334)-Szabo,K (2507) Plovdiv 2008}) 12... b4 13. Nce2 {Black should prevent g5.} Nc5 14. Bxf6 $146 {Black is slightly better.} ({Predecessor:} 14. Ng3 Rc8 15. Kb1 h6 16. Rhe1 Nxd3 17. Qxd3 Nxg4 18. Bxe7 Kxe7 19. Qe2 Nf6 {1-0 (40) Oneto Zarco,J (1988)-Zalba Esteban,P (1946) Palma de Mallorca 2012}) 14... Bxf6 15. g5 Be7 (15... Bxd4 $5 16. Nxd4 e5 $15) 16. h4 Rc8 17. Kb1 f5 {[%cal Rf5e4]} 18. gxf6 Bxf6 19. Qg4 Qf7 (19... O-O $11) 20. Rhf1 (20. f5 $16) 20... O-O $1 $11 21. e5 (21. h5 {feels hotter.} a5 22. e5 Bxe5 23. fxe5 Qxf1 24. Bxh7+ Kxh7 25. Rxf1 Rxf1+ 26. Nc1) 21... Bxe5 {aiming for ...Bd5.} 22. fxe5 (22. Bxa6 $15 Bxa6 23. fxe5 Qxf1 24. Rxf1 Rxf1+ 25. Nc1) 22... Qxf1 $17 23. Rxf1 Rxf1+ 24. Nc1 Nxd3 $40 {[%csl Gd3][%cal Rf1c1][%mdl 128] Black goes for the king.} 25. Qxe6+ Kh8 {[%csl Gd3][%cal Rf1c1]} 26. Ndb3 Nxc1 27. Nxc1 dxe5 {...Rf2 is the strong threat.} 28. Qd7 Rb8 29. Qc7 (29. Qd6 $17 Ra8 30. Qxe5) 29... Rff8 $19 30. Qxe5 Rbe8 31. Qd4 {[#]} Be4 $1 32. b3 a5 33. Kb2 Bg6 34. Nd3 $2 (34. h5 {keeps fighting.} Bxh5 35. Nd3) 34... Rd8 {Black is clearly winning.} 35. Qc5 Bxd3 36. cxd3 {[#]} Rde8 $1 {[%cal Re8e2]} 37. Qc2 Rf1 38. d4 Rfe1 {Precision: White = 35%, Black = 79%.} 0-1